| 000 | 00769nam a2200229Ia 4500 | ||
|---|---|---|---|
| 001 | 851 | ||
| 003 | GE_BSU | ||
| 008 | 181216s||||||||xx |||||||||||||| ||und|| | ||
| 020 | _a5020279757 | ||
| 040 | _cGE_BSU | ||
| 080 | _a821.161.1.09 | ||
| 245 | _aВзаимодействие и взаимообогащение. | ||
| 245 | _bРусская литература и литературы народов СССР.Статьи.Материалы | ||
| 260 | _aЛенинград | ||
| 260 | _bНаука | ||
| 260 | _c1988 | ||
| 300 | _a252стр. | ||
| 541 | _h7л. | ||
| 653 | _aВзаимодействие и взаимообогащение. | ||
| 653 | _aРусская литература и литературы народов СССР. | ||
| 942 | _cBK | ||
| 999 |
_c35012 _d35012 |
||